书目信息 |
| 题名: |
世纪中西部工业发展战略
|
|
| 作者: | 魏后凯 主编 | |
| 分册: | ||
| 出版信息: | 郑州 河南人民出版社 2000.04 |
|
| 页数: | 438页 | |
| 开本: | 32开 | |
| 丛书名: | ||
| 单 册: | ||
| 中图分类: | F424 | |
| 科图分类: | ||
| 主题词: | 工业经济--中国 | |
| 电子资源: | ||
| ISBN: | 7-215-04644-3 | |
| 000 | 00575nam0 2200193 45 | |
| 001 | 0007251511 | |
| 005 | 20000725155011.3 | |
| 010 | @a7-215-04644-3@d26.00元 | |
| 100 | @a20000725d2000 km y0chiy0120 ea | |
| 101 | 0 | @achi |
| 105 | @a z 000yy | |
| 200 | 1 | @a世纪中西部工业发展战略@AShi Ji Zhong Xi Bu Gong Ye Fa Zhan Zhan Lue@f魏后凯主编@FWei Hou Kai Zhu Bian |
| 210 | @a郑州@c河南人民出版社@d2000.04 | |
| 215 | @a438页@d32开 | |
| 606 | 0 | @a工业经济@x中国 |
| 690 | @aF424@v3 | |
| 701 | 0 | @a魏后凯@4主编 |
| 801 | @aCN@bPftUser@c20000725 | |
| 905 | @b78136-140@dF424@eW372@f5 | |
| 世纪中西部工业发展战略/魏后凯主编.-郑州:河南人民出版社,2000.04 |
| 438页;32开 |
| ISBN 7-215-04644-3:26.00元 |
| ● |
| 相关链接 |
|
|
|
正题名:世纪中西部工业发展战略
索取号:F424/W372
 
预约/预借
| 序号 | 登录号 | 条形码 | 馆藏地/架位号 | 状态 | 备注 |
| 1 | 78136 | 200781369 | 社科库409/409社科库 35排5列3层/ [索取号:F424/W372] | 在馆 | |
| 2 | 78137 | 200781378 | 社科二线422/409社科库 35排7列3层/ [索取号:F424/W372] | 在馆 | |
| 3 | 78138 | 200781387 | 社科二线422/422社科库 16排2列6层/ [索取号:F424/W372] | 在馆 | |
| 4 | 78139 | 200781396 | 社科二线422/409社科库 35排7列4层/ [索取号:F424/W372] | 在馆 | |
| 5 | 78140 | 200781403 | 社科二线422/409社科库 35排7列4层/ [索取号:F424/W372] | 在馆 |